Country Nicknames #1 - Statistics

General Stats
  • This quiz has been taken 30 times
  • The average score is 2 of 15
Answer Stats
Country Nickname % Correct
Russia Vodka
46%
Poland Bears
36%
Nepal The Himalayas
25%
North Korea Nukes
21%
Denmark Vikings
14%
Iraq ISIS
11%
Italy Pizzatopia
11%
Australia Upside-down
11%
United Kingdom Colonizer
7%
China Coronavirus
7%
Switzerland Peace
7%
Taiwan Fake China
4%
United States Great Wall of America
4%
France Mimes
4%
Japan Sushi
4%
No matching quizzes found
Score Distribution
Percent of People with Each Score
Percentile by Number Answered
Your Score History
You have not taken this quiz